[Event "Goldener Springer"]
[Site "Frankfurt/Main"]
[Date "2018.??.??"]
[Round "6.3"]
[White "Meyner, Hannes"]
[Black "Calvi, Stefan"]
[Result "1-0"]
[WhiteElo "2178"]
[BlackElo "2081"]
[PlyCount "79"]
[EventDate "2018.??.??"]
[WhiteTeam "TG Wehlheiden"]
[BlackTeam "SF Frankfurt"]

1. d4 Nf6 2. c4 c5 3. d5 b5 4. cxb5 a6 5. bxa6 g6 6. Nc3 Bxa6 7. e4 Bxf1 8.
Kxf1 d6 9. Nf3 Bg7 10. g3 O-O 11. Kg2 Nbd7 12. a4 Ng4 13. Nd2 Nge5 14. Qe2 h5
15. h3 Nf6 16. f4 Ned7 17. Nf3 e6 18. dxe6 fxe6 19. Rd1 Qb6 20. Qd3 Ne8 21. Ng5
Bxc3 22. bxc3 d5 23. exd5 e5 24. Ne6 Rf6 25. Qe2 Qa6 26. c4 Qb7 27. Qb2 Rb8 28.
Qxb7 Rxb7 29. a5 exf4 30. Bxf4 Ng7 31. Nxg7 Kxg7 32. Rab1 Ra7 33. Bd2 Rf8 34.
Bc3+ Kh7 35. Rf1 Rxf1 36. Rxf1 Kg8 37. Re1 Kf7 38. Re2 Rb7 39. Rb2 Ra7 40. Kf3
1-0

[Event "Goldener Springer"]
[Site "Frankfurt/Main"]
[Date "2018.??.??"]
[Round "6.4"]
[White "Chandler, Patrick"]
[Black "Rutsatz, Mario"]
[Result "1-0"]
[WhiteElo "2170"]
[BlackElo "1993"]
[PlyCount "73"]
[EventDate "2018.??.??"]
[WhiteTeam "SC Nied"]
[BlackTeam "SF Frankfurt"]

1. d4 Nf6 2. Nf3 g6 3. b4 a5 4. b5 c6 5. Nc3 d5 6. e3 Bf5 7. Bd3 Ne4 8. Bxe4
Bxe4 9. bxc6 Nxc6 10. Nxe4 dxe4 11. Nd2 e5 12. c3 exd4 13. exd4 Qh4 14. Qe2
O-O-O 15. O-O f5 16. Nc4 Bd6 17. g3 Qf6 18. Rb1 Bc7 19. Qb2 Kd7 20. d5 Ne5 21.
Nxe5+ Bxe5 22. Qb5+ Ke7 23. c4 Rd7 24. Ba3+ Ke8 25. c5 f4 26. Rbe1 Qf5 27. Qa4
Kf7 28. d6 Re8 29. Qxe4 Qxe4 30. Rxe4 Rdd8 31. Rfe1 Bc3 32. Re7+ Kf8 33. R1e4
fxg3 34. hxg3 Bf6 35. Rxe8+ Rxe8 36. d7 Rxe4 37. c6+ 1-0

[Event "Goldener Springer"]
[Site "Frankfurt/Main"]
[Date "2018.??.??"]
[Round "6.6"]
[White "Rudolph, Peter"]
[Black "Reitz, Gerhard"]
[Result "1-0"]
[WhiteElo "2095"]
[BlackElo "1998"]
[PlyCount "85"]
[EventDate "2018.??.??"]
[WhiteTeam "SK Gießen"]
[BlackTeam "SC Obertshausen"]

1. e4 c5 2. Nf3 e6 3. c4 Nc6 4. Nc3 Nf6 5. d4 cxd4 6. Nxd4 Bb4 7. Nxc6 bxc6 8.
Bd3 e5 9. Bd2 O-O 10. O-O a5 11. a3 Bc5 12. Rb1 d6 13. h3 Be6 14. Qe2 Qd7 15.
Kh2 d5 16. Na4 Bd4 17. c5 Qc7 18. f3 Nd7 19. Rfc1 f5 20. Be3 Bxe3 21. Qxe3 d4
22. Qe2 Rf6 23. Bc4 Bxc4 24. Qxc4+ Kh8 25. b4 fxe4 26. fxe4 Raf8 27. bxa5 Qxa5
28. Nb6 R6f7 29. Nxd7 Rxd7 30. Qe6 Qc7 31. Rb6 h6 32. Rxc6 Qd8 33. Qxe5 Kh7 34.
Rd6 Qb8 35. Qxd4 Rdf7 36. e5 Rf4 37. Qd3+ Kh8 38. c6 Qb2 39. Qc3 Qe2 40. c7 Rf2
41. Rg1 R8f3 42. c8=Q+ Kh7 43. Qxf3 1-0

[Event "Goldener Springer"]
[Site "Frankfurt/Main"]
[Date "2018.??.??"]
[Round "6.7"]
[White "Ostermeier, Thorsten"]
[Black "Orwatsch, Gerhard"]
[Result "1/2-1/2"]
[WhiteElo "1964"]
[BlackElo "2055"]
[PlyCount "24"]
[EventDate "2018.??.??"]
[WhiteTeam "SF Frankfurt"]
[BlackTeam "SK Gießen"]

1. d4 g6 2. c4 Bg7 3. Nc3 d6 4. h3 Nc6 5. Nf3 e6 6. e4 Nce7 7. Qc2 Bd7 8. Bd3
Nc6 9. Be3 Nb4 10. Qe2 Nxd3+ 11. Qxd3 Ne7 12. Rd1 O-O 1/2-1/2

[Event "Goldener Springer"]
[Site "Frankfurt/Main"]
[Date "2018.??.??"]
[Round "6.8"]
[White "Henrich, David"]
[Black "Lange, Martin"]
[Result "1-0"]
[WhiteElo "2092"]
[BlackElo "1826"]
[PlyCount "85"]
[EventDate "2018.??.??"]
[WhiteTeam "Frankfurter TV"]
[BlackTeam "Sfr. Kelkheim"]

1. c4 Nf6 2. g3 d5 3. cxd5 Nxd5 4. Bg2 e5 5. Nc3 c6 6. Nf3 Nd7 7. O-O Bd6 8. d4
Nxc3 9. bxc3 exd4 10. cxd4 O-O 11. Qd3 Nb6 12. Bg5 Be7 13. h4 Be6 14. Bxe7 Qxe7
15. Ng5 g6 16. Rfc1 Rad8 17. Qe4 Rfe8 18. e3 Bc8 19. a4 Qxe4 20. Nxe4 Kg7 21.
a5 Nd5 22. a6 b6 23. Rxc6 Bxa6 24. Nd6 Re6 25. Bxd5 Rexd6 26. Rxa6 Rxd5 27.
Rxa7 Ra5 28. Rb7 g5 29. hxg5 Rxg5 30. Rcc7 Rf5 31. g4 Rf6 32. g5 Rf5 33. f4 Rd6
34. Kf2 h6 35. gxh6+ Rxh6 36. Kf3 Rhf6 37. Re7 Ra5 38. Re5 Ra1 39. Rg5+ Kf8 40.
Rb8+ Ke7 41. Rgg8 Rf1+ 42. Ke2 Ra1 43. Rb7+ 1-0

[Event "Goldener Springer"]
[Site "Frankfurt/Main"]
[Date "2018.??.??"]
[Round "6.9"]
[White "Adamczyk, Matthias"]
[Black "Voellinger, Florian"]
[Result "1-0"]
[WhiteElo "1817"]
[BlackElo "1861"]
[PlyCount "79"]
[EventDate "2018.??.??"]
[WhiteTeam "SC Weiterstadt"]
[BlackTeam "SF Dettingen"]

1. e4 d5 2. exd5 Qxd5 3. Nc3 Qd6 4. d4 Nf6 5. Bd3 a6 6. Nf3 Nc6 7. h3 g6 8. Be3
Bg7 9. O-O Bf5 10. Re1 Bxd3 11. Qxd3 O-O 12. Rad1 Rad8 13. a3 Rfe8 14. Na4 Nd7
15. c4 Nde5 16. Nxe5 Nxe5 17. Qc2 Nc6 18. d5 Ne5 19. Nc5 Rb8 20. b4 Qd8 21. Bf4
b6 22. Nxa6 Ra8 23. b5 Qd6 24. Qe4 f6 25. Re3 Rf8 26. Bh2 g5 27. Qf5 h6 28. h4
gxh4 29. Rd4 Rad8 30. Rxh4 e6 31. Bxe5 fxe5 32. Qxe6+ Qxe6 33. dxe6 Rd1+ 34.
Kh2 Rxf2 35. Nxc7 Kf8 36. Nd5 Rdd2 37. Rg4 h5 38. Rg6 Bh6 39. Rxe5 Rxd5 40. e7+
1-0

[Event "Goldener Springer"]
[Site "Frankfurt/Main"]
[Date "2018.??.??"]
[Round "6.10"]
[White "Maam, Tsendjav"]
[Black "Spiegelberg, Silvia"]
[Result "0-1"]
[WhiteElo "1855"]
[BlackElo "1892"]
[PlyCount "122"]
[EventDate "2018.??.??"]
[BlackTeam "SF Sasbach"]

1. d4 Nf6 2. c4 e5 3. d5 d6 4. Nc3 c6 5. h3 cxd5 6. cxd5 Nbd7 7. e4 a6 8. Bd3
Be7 9. Nge2 O-O 10. O-O Nh5 11. g4 Nhf6 12. Ng3 h6 13. Be3 Nh7 14. Nf5 Nc5 15.
Bc2 Bg5 16. Bxg5 Nxg5 17. Kh2 Qf6 18. b4 Nd7 19. Qd3 Re8 20. h4 Nh7 21. Qg3
Ndf8 22. Rg1 Ng6 23. g5 hxg5 24. hxg5 Qd8 25. Ne2 a5 26. b5 Qb6 27. Bd3 Bd7 28.
a4 Rac8 29. Kg2 Ne7 30. Rh1 Nxf5 31. exf5 e4 32. Rxh7 Bxf5 33. Rah1 Bxh7 34.
Rxh7 Kxh7 35. Qh3+ Kg8 36. Bxe4 g6 37. Qd3 Qd8 38. f4 Qe7 39. Ng3 Qc7 40. f5
Rxe4 41. Qxe4 Qc2+ 42. Kh3 Qxe4 43. Nxe4 Rd8 44. Kg4 Kf8 45. Kf4 Ke7 46. f6+
Kd7 47. Ke3 Rh8 48. b6 Rh1 49. Kd3 Rb1 50. Nc3 Rxb6 51. Nb5 Ra6 52. Kc4 Ra8 53.
Nd4 Rc8+ 54. Kd3 Rc5 55. Ke4 Rc4 56. Kd3 Rxa4 57. Kc3 Rxd4 58. Kxd4 b5 59. Kc3
Kc7 60. Kd3 Kb6 61. Kd4 a4 0-1

[Event "Goldener Springer"]
[Site "Frankfurt/Main"]
[Date "2018.??.??"]
[Round "6.11"]
[White "Blaschke, Henri Johannes"]
[Black "Bennedik, Martin"]
[Result "1/2-1/2"]
[WhiteElo "1798"]
[BlackElo "2073"]
[PlyCount "30"]
[EventDate "2018.??.??"]
[WhiteTeam "SK Vellmar"]
[BlackTeam "SV Frankfurt Nord"]

1. d4 Nf6 2. c4 g6 3. Nf3 Bg7 4. g3 O-O 5. Bg2 d6 6. O-O Nc6 7. Nc3 a6 8. b3 e5
9. dxe5 Ng4 10. Bg5 Qd7 11. Bf6 Nxf6 12. exf6 Bxf6 13. Nd5 Bg7 14. Rc1 Ne7 15.
Nd4 Qd8 1/2-1/2

[Event "Goldener Springer"]
[Site "Frankfurt/Main"]
[Date "2018.??.??"]
[Round "6.12"]
[White "Feicht, Arno"]
[Black "Makilla, Tobias"]
[Result "0-1"]
[WhiteElo "1943"]
[BlackElo "1943"]
[PlyCount "96"]
[EventDate "2018.??.??"]
[WhiteTeam "SV Alsfeld"]
[BlackTeam "SC Hattersheim"]

1. e4 e5 2. f4 exf4 3. Nf3 g5 4. h4 g4 5. Ne5 Nf6 6. Bc4 d5 7. exd5 Qe7 8. d4
Nh5 9. d6 cxd6 10. Bxf7+ Kd8 11. Bxh5 Bh6 12. Nc3 dxe5 13. dxe5+ Bd7 14. Qd5
Nc6 15. Qd6 Qxe5+ 16. Qxe5 Nxe5 17. O-O Rf8 18. Nd5 Rf5 19. Bxf4 Rxh5 20. Bxh6
Rxh6 21. Rf8+ Be8 22. Rxe8+ Kxe8 23. Nc7+ Ke7 24. Nxa8 Rc6 25. Re1 Ke6 26. c3
Rc8 27. Nb6 axb6 28. Kf2 Rf8+ 29. Kg3 h5 30. Re4 Kd5 31. Rb4 Kc5 32. a4 Kc6 33.
b3 Rd8 34. Rb5 Rd5 35. Kf4 Ng6+ 36. Ke4 Rxb5 37. axb5+ Kxb5 38. g3 Kc5 39. Kf5
Nxh4+ 40. Kg5 Nf3+ 41. Kxh5 Nh2 42. Kg5 Kd5 43. Kf5 b5 44. Kf4 b4 45. cxb4 Kd4
46. b5 Kc5 47. b6 Kxb6 48. Kf5 Kb5 0-1

[Event "Goldener Springer"]
[Site "Frankfurt/Main"]
[Date "2018.??.??"]
[Round "6.13"]
[White "Lange, Lars"]
[Black "Kuban, Guenther"]
[Result "1/2-1/2"]
[WhiteElo "1835"]
[BlackElo "2109"]
[PlyCount "68"]
[EventDate "2018.??.??"]
[WhiteTeam "Sfr. Kelkheim"]
[BlackTeam "SV Oberursel"]

1. d4 d5 2. c4 c6 3. Nf3 e6 4. Nc3 f5 5. g3 Nf6 6. Bg2 Bd6 7. O-O Nbd7 8. b3
O-O 9. Qc2 Ne4 10. Bb2 Qf6 11. e3 g5 12. Rfe1 Qg7 13. Nd2 Nxc3 14. Bxc3 g4 15.
f4 Nf6 16. Qd1 Bd7 17. Rc1 h5 18. Qe2 Qh7 19. Kf2 Rf7 20. c5 Be7 21. b4 h4 22.
Rh1 Rg7 23. a4 a6 24. Ke1 Kf7 25. Kd1 Rh8 26. Kc2 Qg6 27. Rcg1 Rgh7 28. Qe1
hxg3 29. hxg3 Rh2 30. Rxh2 Rxh2 31. Nf1 Rh5 32. Nd2 Rh2 33. Nf1 Rh7 34. Nd2 Rh2
1/2-1/2

[Event "Goldener Springer"]
[Site "Frankfurt/Main"]
[Date "2018.??.??"]
[Round "6.14"]
[White "Varma, Christopher"]
[Black "Reichelt, Florian"]
[Result "1/2-1/2"]
[WhiteElo "1809"]
[BlackElo "1865"]
[PlyCount "76"]
[EventDate "2018.??.??"]
[WhiteTeam "SC Bad Nauheim"]
[BlackTeam "SC Butzbach"]

1. e4 c5 2. Nf3 d6 3. Bc4 Nf6 4. Qe2 a6 5. c3 e6 6. Bb3 Qc7 7. O-O b5 8. d4 Bb7
9. e5 dxe5 10. dxe5 Nd5 11. c4 bxc4 12. Bxc4 Nd7 13. b3 Be7 14. Re1 N7b6 15.
Bd3 h6 16. Bd2 g5 17. g3 Rg8 18. Ba5 h5 19. Na3 g4 20. Nd2 h4 21. Nac4 hxg3 22.
hxg3 Qc6 23. Be4 Nxc4 24. Nxc4 Bd8 25. Bxd8 Rxd8 26. Na5 Qc7 27. Nxb7 Qxb7 28.
Rac1 Qb6 29. Qc4 Rg5 30. Bg2 Nb4 31. Re2 Nd3 32. Rd1 Nxe5 33. Rxd8+ Qxd8 34.
Qxa6 Nf3+ 35. Bxf3 Qd1+ 36. Kg2 gxf3+ 37. Kxf3 Qd5+ 38. Re4 Ke7 1/2-1/2

[Event "Goldener Springer"]
[Site "Frankfurt/Main"]
[Date "2018.??.??"]
[Round "6.15"]
[White "Weiland, Thomas"]
[Black "Baschin, Wolf Hajo"]
[Result "1-0"]
[WhiteElo "1790"]
[BlackElo "1743"]
[PlyCount "85"]
[EventDate "2018.??.??"]
[WhiteTeam "SV Oberursel"]
[BlackTeam "SVG Caissa Kassel"]

1. e4 e5 2. Nf3 Nc6 3. Nc3 Bc5 4. Be2 Nge7 5. O-O O-O 6. d3 d6 7. Na4 Bb6 8.
Nxb6 axb6 9. Bd2 f5 10. c3 d5 11. exd5 Qxd5 12. b3 Kh8 13. Qc2 h6 14. Rfd1 e4
15. dxe4 fxe4 16. Be3 Qe6 17. Nd4 Qg6 18. Kh1 Nf5 19. Nxf5 Bxf5 20. Rd2 Rfd8
21. Rad1 Bg4 22. Rxd8+ Nxd8 23. Bxg4 Qxg4 24. h3 Qe6 25. Rd4 Qg6 26. Qxe4 Qf6
27. Qe8+ Kh7 28. a4 Rb8 29. Qe4+ Kh8 30. Qd3 Nc6 31. Rd5 Re8 32. Qd2 Na5 33.
Qc2 Qf7 34. c4 Nc6 35. Qc3 Qg6 36. Kh2 Ne7 37. Rd1 Nf5 38. Bf4 Qc6 39. Re1 Rxe1
40. Qxe1 Nh4 41. f3 g5 42. Bg3 Qf6 43. Be5 1-0

[Event "Goldener Springer"]
[Site "Frankfurt/Main"]
[Date "2018.??.??"]
[Round "6.16"]
[White "Hebauf, Markus"]
[Black "Pishanidar, Borzou"]
[Result "0-1"]
[WhiteElo "1329"]
[BlackElo "1860"]
[PlyCount "45"]
[EventDate "2018.??.??"]
[BlackTeam "SV Andernach"]

1. d4 d5 2. c4 Nc6 3. Nf3 Bg4 4. Nc3 e6 5. cxd5 exd5 6. a3 h6 7. e4 dxe4 8.
Nxe4 Qe7 9. Qe2 Nxd4 10. Nf6+ Nxf6 11. Qxe7+ Bxe7 12. Nxd4 O-O-O 13. Be3 Nd5
14. Rc1 Nxe3 15. fxe3 a6 16. Kf2 Rhe8 17. h3 Bg5 18. Re1 Bh5 19. Bd3 c5 20.
Bf5+ Kb8 21. Nf3 Bxf3 22. Kxf3 Re5 23. h4 0-1

[Event "Goldener Springer"]
[Site "Frankfurt/Main"]
[Date "2018.??.??"]
[Round "6.17"]
[White "Dyga, Ryszard"]
[Black "Pessotschinski, Lars"]
[Result "0-1"]
[WhiteElo "1542"]
[BlackElo "1024"]
[PlyCount "108"]
[EventDate "2018.??.??"]
[WhiteTeam "SV Hofheim"]
[BlackTeam "TuS Makkabi"]

1. e4 c5 2. Nf3 d6 3. d4 cxd4 4. Nxd4 Nf6 5. Nc3 g6 6. Be3 Bg7 7. h3 O-O 8. Qd2
Re8 9. Bc4 Bd7 10. O-O Nc6 11. Bh6 Bxh6 12. Nxc6 Bxd2 13. Nxd8 Rexd8 14. Nd5
Nxd5 15. Bxd5 Bc6 16. Rad1 Bxd5 17. exd5 Bf4 18. Rd4 Be5 19. Rb4 b6 20. c3 Rdc8
21. f4 Bf6 22. g4 Rc5 23. g5 Bg7 24. Rd1 Rac8 25. Re4 R8c7 26. Re2 f6 27. h4 h6
28. Rg2 Kf7 29. Rf2 Ke8 30. Rh2 fxg5 31. hxg5 hxg5 32. fxg5 Rc4 33. Rg2 Be5 34.
Rd3 Kd7 35. Rh3 R7c5 36. Rd3 Re4 37. Kf1 Rcc4 38. Rf3 Rg4 39. b3 Rce4 40. c4
Rxg2 41. Kxg2 Rg4+ 42. Kf1 Rxg5 43. Rf8 Rf5+ 44. Rxf5 gxf5 45. Ke2 Ke8 46. Kf3
Kf7 47. b4 Kg6 48. a4 Kg5 49. b5 f4 50. Kf2 Kg4 51. Kg2 f3+ 52. Kf2 Bd4+ 53.
Ke1 Kg3 54. Kf1 f2 0-1

[Event "Goldener Springer"]
[Site "Frankfurt/Main"]
[Date "2018.??.??"]
[Round "6.18"]
[White "Stock, Juergen"]
[Black "Pessotschinski, Eduard"]
[Result "1-0"]
[WhiteElo "1938"]
[BlackElo "1367"]
[PlyCount "72"]
[EventDate "2018.??.??"]
[WhiteTeam "Sfr. Kelkheim"]
[BlackTeam "TuS Makkabi"]

1. d4 Nf6 2. c3 g6 3. Bg5 Bg7 4. Nd2 d5 5. e3 O-O 6. Bd3 Nc6 7. f4 e6 8. Ngf3
Qe8 9. Qe2 a6 10. a4 Bd7 11. O-O Kh8 12. Kh1 Ng8 13. e4 dxe4 14. Nxe4 Nce7 15.
Bxe7 Nxe7 16. Nc5 Bc6 17. Ng5 Nf5 18. Rae1 Bd5 19. Kg1 Qc6 20. Bxf5 exf5 21.
Qc2 b6 22. Nd3 h6 23. Nf3 Be4 24. Nb4 Qb7 25. Qf2 a5 26. Nc2 Bd3 27. Ne5 Bxf1
28. Rxf1 Bxe5 29. fxe5 Qc6 30. Qh4 Kh7 31. g4 fxg4 32. Qxg4 Qxa4 33. Qe4 c5 34.
Ne3 Rad8 35. Nd5 cxd4 36. cxd4 Qc6 1-0